| 000 | 00568nam a2200229Ia 4500 | ||
|---|---|---|---|
| 005 | 20140311163057.0 | ||
| 008 | 140130s9999 xx 000 0 und d | ||
| 020 | _a0590339761 | ||
| 050 |
_aPZ 7 _b.Al413Mg 1985 |
||
| 100 |
_aAllard, Harry _922905 |
||
| 245 |
_cAllard, Harry _aMiss Nelson has a field day / |
||
| 260 |
_bScholastic, _c1985. _aBoston : |
||
| 300 |
_a30 p. : _bcol. ill. ; _c23 cm. |
||
| 440 |
_v1 _931174 |
||
| 521 | _aG2 | ||
| 526 | _c390 | ||
| 942 |
_cBK _2lcc |
||
| 999 |
_c40218 _d40218 |
||